[Event "April 9 Late 2024"]
[Site "Chess.com"]
[Date "2024.04.09"]
[Round "4"]
[White "Yankelevich, Lev"]
[Black "Smiech, Sara"]
[Result "1-0"]
[Board "72"]
[WhiteFideId "24684074"]
[BlackFideId "91102863"]
[WhiteTitle "GM"]
[WhiteElo "2672"]
[BlackElo "2480"]
[WhiteTeam "GER"]
[BlackTeam "POL"]
[WhiteClock "0:01:05"]
[BlackClock "0:00:01"]
[Variant "Standard"]

1. d4 {[%clk 0:03:00]}  Nf6 {[%clk 0:02:59]} 2. c4 {[%clk 0:02:59]}  c5 {[%clk 0:02:59]} 3. d5 {[%clk 0:02:59]}  e6 {[%clk 0:02:59]} 4. Nc3 {[%clk 0:02:59]}  exd5 {[%clk 0:02:59]} 5. cxd5 {[%clk 0:03:00]}  d6 {[%clk 0:02:59]} 6. Nf3 {[%clk 0:03:00]}  g6 {[%clk 0:02:59]} 7. h3 {[%clk 0:02:59]}  Bg7 {[%clk 0:02:59]} 8. e4 {[%clk 0:02:59]}  O-O {[%clk 0:02:59]} 9. Bd3 {[%clk 0:03:00]}  a6 {[%clk 0:02:54]} 10. a4 {[%clk 0:02:59]}  Re8 {[%clk 0:02:54]} 11. O-O {[%clk 0:02:57]}  Nbd7 {[%clk 0:02:52]} 12. Re1 {[%clk 0:02:33]}  Ne5 {[%clk 0:02:40]} 13. Be2 {[%clk 0:02:25]}  Bd7 {[%clk 0:02:15]} 14. Nxe5 {[%clk 0:02:17]}  Rxe5 {[%clk 0:02:15]} 15. Bf4 {[%clk 0:02:17]}  Re8 {[%clk 0:01:44]} 16. Bf1 {[%clk 0:02:09]}  Nh5 {[%clk 0:01:31]} 17. Bxd6 {[%clk 0:02:03]}  Qb6 {[%clk 0:01:29]} 18. e5 {[%clk 0:01:52]}  Qxb2 {[%clk 0:01:28]} 19. Qf3 {[%clk 0:01:48]}  Qc2 {[%clk 0:00:25]} 20. g4 {[%clk 0:01:23]}  Nf4 {[%clk 0:00:13]} 21. Rac1 {[%clk 0:01:22]}  Nxh3+ {[%clk 0:00:08]} 22. Bxh3 {[%clk 0:01:20]}  Qb3 {[%clk 0:00:08]} 23. Bg2 {[%clk 0:01:08]}  b5 {[%clk 0:00:06]} 24. Ne4 {[%clk 0:01:05]}  bxa4 {[%clk 0:00:04]} 25. Nf6+ {[%clk 0:01:05]}  Bxf6 {[%clk 0:00:04]} 26. Qxf6 {[%clk 0:01:06]}  a3 {[%clk 0:00:03]} 27. e6 {[%clk 0:01:05]}  fxe6 {[%clk 0:00:02]} 28. Be5 {[%clk 0:01:05]}  a2 {[%clk 0:00:01]} 29. Qg7# {[%clk 0:01:05]} 1-0

[Event "April 9 Late 2024"]
[Site "Chess.com"]
[Date "2024.04.09"]
[Round "4"]
[White "Reprintsev, Alexander"]
[Black "Shandrygin, Nikita"]
[Result "0-1"]
[Board "73"]
[WhiteFideId "14100541"]
[BlackFideId "24198668"]
[WhiteTitle "IM"]
[BlackTitle "FM"]
[WhiteElo "2477"]
[BlackElo "2672"]
[WhiteTeam "UKR"]
[BlackTeam "RUS"]
[WhiteClock "0:00:00"]
[BlackClock "0:00:18"]
[Variant "Standard"]

1. e4 {[%clk 0:03:00]}  c5 {[%clk 0:02:59]} 2. b3 {[%clk 0:02:59]}  Nc6 {[%clk 0:02:57]} 3. Bb2 {[%clk 0:02:59]}  e6 {[%clk 0:02:58]} 4. Nf3 {[%clk 0:02:57]}  d5 {[%clk 0:02:53]} 5. exd5 {[%clk 0:02:57]}  exd5 {[%clk 0:02:54]} 6. Bb5 {[%clk 0:02:56]}  Ne7 {[%clk 0:02:54]} 7. O-O {[%clk 0:02:52]}  a6 {[%clk 0:02:54]} 8. Be2 {[%clk 0:02:49]}  d4 {[%clk 0:02:54]} 9. c3 {[%clk 0:02:48]}  g6 {[%clk 0:02:53]} 10. cxd4 {[%clk 0:02:47]}  Bg7 {[%clk 0:02:54]} 11. Na3 {[%clk 0:02:44]}  O-O {[%clk 0:02:51]} 12. Nc4 {[%clk 0:02:34]}  cxd4 {[%clk 0:02:48]} 13. d3 {[%clk 0:02:22]}  b5 {[%clk 0:02:47]} 14. Ncd2 {[%clk 0:02:22]}  Nd5 {[%clk 0:02:39]} 15. Ne4 {[%clk 0:02:21]}  Nc3 {[%clk 0:02:37]} 16. Qd2 {[%clk 0:02:15]}  Nxe4 {[%clk 0:02:06]} 17. dxe4 {[%clk 0:02:14]}  d3 {[%clk 0:02:07]} 18. Bd1 {[%clk 0:01:55]}  Bxb2 {[%clk 0:02:05]} 19. Qxb2 {[%clk 0:01:54]}  b4 {[%clk 0:01:59]} 20. a3 {[%clk 0:01:50]}  Bb7 {[%clk 0:01:53]} 21. Re1 {[%clk 0:01:46]}  a5 {[%clk 0:01:50]} 22. e5 {[%clk 0:01:44]}  Qb6 {[%clk 0:01:48]} 23. e6 {[%clk 0:01:39]}  fxe6 {[%clk 0:01:47]} 24. Rxe6 {[%clk 0:01:38]}  Rae8 {[%clk 0:01:48]} 25. Rxe8 {[%clk 0:01:26]}  Rxe8 {[%clk 0:01:49]} 26. axb4 {[%clk 0:01:24]}  Nd4 {[%clk 0:01:17]} 27. bxa5 {[%clk 0:01:10]}  Qf6 {[%clk 0:01:15]} 28. Qa2 {[%clk 0:00:46]}  Bxf3 {[%clk 0:01:05]} 29. Bxf3 {[%clk 0:00:44]}  Nxf3+ {[%clk 0:00:55]} 30. gxf3 {[%clk 0:00:44]}  d2 {[%clk 0:00:56]} 31. b4+ {[%clk 0:00:42]}  Kg7 {[%clk 0:00:53]} 32. Rf1 {[%clk 0:00:40]}  Qc3 {[%clk 0:00:32]} 33. Qd5 {[%clk 0:00:25]}  Re1 {[%clk 0:00:30]} 34. Qd7+ {[%clk 0:00:25]}  Kf6 {[%clk 0:00:24]} 35. Qd6+ {[%clk 0:00:23]}  Kf5 {[%clk 0:00:22]} 36. Qd5+ {[%clk 0:00:21]}  Kf6 {[%clk 0:00:21]} 37. Qd6+ {[%clk 0:00:21]}  Kf7 {[%clk 0:00:20]} 38. Qd7+ {[%clk 0:00:20]}  Kg8 {[%clk 0:00:21]} 39. Qd8+ {[%clk 0:00:19]}  Kg7 {[%clk 0:00:21]} 40. Qd7+ {[%clk 0:00:18]}  Kh6 {[%clk 0:00:22]} 41. Qh3+ {[%clk 0:00:18]}  Kg5 {[%clk 0:00:22]} 42. Qg4+ {[%clk 0:00:15]}  Kf6 {[%clk 0:00:23]} 43. Qf4+ {[%clk 0:00:06]}  Ke6 {[%clk 0:00:23]} 44. Qg4+ {[%clk 0:00:05]}  Kd6 {[%clk 0:00:24]} 45. Qf4+ {[%clk 0:00:05]}  Kc6 {[%clk 0:00:23]} 46. b5+ {[%clk 0:00:02]}  Kxb5 {[%clk 0:00:21]} 47. Qg5+ {[%clk 0:00:00]}  Ka6 {[%clk 0:00:18]} 0-1

[Event "April 9 Late 2024"]
[Site "Chess.com"]
[Date "2024.04.09"]
[Round "4"]
[White "Breuil, Tristan"]
[Black "Dubnevych, Maksym"]
[Result "1-0"]
[Board "74"]
[WhiteFideId "45163685"]
[BlackFideId "14184001"]
[WhiteTitle "FM"]
[BlackTitle "FM"]
[WhiteElo "2463"]
[BlackElo "2670"]
[WhiteTeam "FRA"]
[BlackTeam "UKR"]
[WhiteClock "0:00:11"]
[BlackClock "0:00:26"]
[Variant "Standard"]

1. e4 {[%clk 0:03:00]}  d5 {[%clk 0:02:59]} 2. exd5 {[%clk 0:02:58]}  Qxd5 {[%clk 0:03:00]} 3. Nc3 {[%clk 0:02:54]}  Qa5 {[%clk 0:03:00]} 4. d4 {[%clk 0:02:53]}  Nf6 {[%clk 0:03:00]} 5. Bc4 {[%clk 0:02:52]}  Bf5 {[%clk 0:02:58]} 6. Nf3 {[%clk 0:02:52]}  e6 {[%clk 0:02:57]} 7. h3 {[%clk 0:02:43]}  c6 {[%clk 0:02:56]} 8. Bf4 {[%clk 0:02:32]}  Nbd7 {[%clk 0:02:56]} 9. Qd2 {[%clk 0:02:14]}  Bb4 {[%clk 0:02:55]} 10. O-O {[%clk 0:01:32]}  Ne4 {[%clk 0:02:55]} 11. Qe3 {[%clk 0:01:30]}  Bxc3 {[%clk 0:02:47]} 12. bxc3 {[%clk 0:01:25]}  Qxc3 {[%clk 0:02:47]} 13. Qe2 {[%clk 0:01:22]}  Nef6 {[%clk 0:02:38]} 14. Bb3 {[%clk 0:00:55]}  Qa5 {[%clk 0:02:35]} 15. c4 {[%clk 0:00:52]}  O-O {[%clk 0:02:34]} 16. Rfe1 {[%clk 0:00:47]}  Rac8 {[%clk 0:02:20]} 17. Rad1 {[%clk 0:00:47]}  Ne4 {[%clk 0:02:11]} 18. Qe3 {[%clk 0:00:35]}  Ndf6 {[%clk 0:01:49]} 19. Ne5 {[%clk 0:00:33]}  c5 {[%clk 0:01:42]} 20. d5 {[%clk 0:00:25]}  exd5 {[%clk 0:01:42]} 21. cxd5 {[%clk 0:00:25]}  b5 {[%clk 0:01:28]} 22. Nc6 {[%clk 0:00:22]}  Rxc6 {[%clk 0:01:19]} 23. dxc6 {[%clk 0:00:23]}  c4 {[%clk 0:01:20]} 24. Bc2 {[%clk 0:00:23]}  Bg6 {[%clk 0:01:06]} 25. c7 {[%clk 0:00:23]}  Nc3 {[%clk 0:00:26]} 26. Rd8 {[%clk 0:00:22]}  Rxd8 {[%clk 0:00:20]} 27. cxd8=Q+ {[%clk 0:00:22]}  Qxd8 {[%clk 0:00:21]} 28. Qxc3 {[%clk 0:00:22]}  Nd5 {[%clk 0:00:21]} 29. Qd4 {[%clk 0:00:19]}  Bxc2 {[%clk 0:00:18]} 30. Qxd5 {[%clk 0:00:19]}  Qf8 {[%clk 0:00:18]} 31. Qxb5 {[%clk 0:00:17]}  Bd3 {[%clk 0:00:18]} 32. Bd6 {[%clk 0:00:14]}  c3 {[%clk 0:00:16]} 33. Qxd3 {[%clk 0:00:13]}  Qd8 {[%clk 0:00:16]} 34. Qxc3 {[%clk 0:00:12]}  h6 {[%clk 0:00:16]} 35. Qc7 {[%clk 0:00:12]}  Qg5 {[%clk 0:00:16]} 36. Qe7 {[%clk 0:00:11]}  Kh7 {[%clk 0:00:17]} 37. Qxg5 {[%clk 0:00:10]}  hxg5 {[%clk 0:00:18]} 38. Re7 {[%clk 0:00:11]}  Kg6 {[%clk 0:00:18]} 39. Rxa7 {[%clk 0:00:12]}  f6 {[%clk 0:00:19]} 40. Ra3 {[%clk 0:00:12]}  Kh5 {[%clk 0:00:20]} 41. Bh2 {[%clk 0:00:12]}  f5 {[%clk 0:00:21]} 42. Rb3 {[%clk 0:00:13]}  g6 {[%clk 0:00:21]} 43. a4 {[%clk 0:00:14]}  Kh4 {[%clk 0:00:22]} 44. a5 {[%clk 0:00:13]}  g4 {[%clk 0:00:22]} 45. a6 {[%clk 0:00:13]}  g5 {[%clk 0:00:22]} 46. hxg4 {[%clk 0:00:12]}  f4 {[%clk 0:00:19]} 47. a7 {[%clk 0:00:10]}  f3 {[%clk 0:00:20]} 48. Rxf3 {[%clk 0:00:09]}  Kxg4 {[%clk 0:00:19]} 49. Rg3+ {[%clk 0:00:09]}  Kh4 {[%clk 0:00:20]} 50. a8=Q {[%clk 0:00:09]}  g4 {[%clk 0:00:21]} 51. Qh8+ {[%clk 0:00:09]}  Kg5 {[%clk 0:00:21]} 52. Qg7+ {[%clk 0:00:10]}  Kf5 {[%clk 0:00:22]} 53. Qxg4+ {[%clk 0:00:10]}  Ke5 {[%clk 0:00:23]} 54. Re3+ {[%clk 0:00:11]}  Kd5 {[%clk 0:00:23]} 55. Qe4+ {[%clk 0:00:10]}  Kc5 {[%clk 0:00:24]} 56. Rc3+ {[%clk 0:00:10]}  Kb6 {[%clk 0:00:25]} 57. Qb4+ {[%clk 0:00:11]}  Ka6 {[%clk 0:00:26]} 58. Ra3# {[%clk 0:00:11]} 1-0

[Event "April 9 Late 2024"]
[Site "Chess.com"]
[Date "2024.04.09"]
[Round "4"]
[White "Skatchkov, Valery"]
[Black "Padmini, Rout"]
[Result "1-0"]
[Board "77"]
[WhiteFideId "24195812"]
[BlackFideId "5029295"]
[WhiteTitle "FM"]
[BlackTitle "IM"]
[WhiteElo "2662"]
[BlackElo "2445"]
[WhiteTeam "RUS"]
[BlackTeam "IND"]
[WhiteClock "0:01:05"]
[BlackClock "0:00:08"]
[Variant "Standard"]

1. d4 {[%clk 0:03:00]}  d5 {[%clk 0:02:57]} 2. c4 {[%clk 0:02:58]}  c6 {[%clk 0:02:57]} 3. Nf3 {[%clk 0:02:58]}  Nf6 {[%clk 0:02:57]} 4. Nc3 {[%clk 0:02:59]}  Bf5 {[%clk 0:02:56]} 5. cxd5 {[%clk 0:02:59]}  Nxd5 {[%clk 0:02:51]} 6. g3 {[%clk 0:02:46]}  Nxc3 {[%clk 0:02:44]} 7. bxc3 {[%clk 0:02:45]}  Nd7 {[%clk 0:02:44]} 8. Bg2 {[%clk 0:02:44]}  Be4 {[%clk 0:02:41]} 9. O-O {[%clk 0:02:43]}  e6 {[%clk 0:02:35]} 10. Bh3 {[%clk 0:02:34]}  Bxf3 {[%clk 0:02:32]} 11. exf3 {[%clk 0:02:34]}  Bd6 {[%clk 0:02:23]} 12. f4 {[%clk 0:02:27]}  O-O {[%clk 0:02:16]} 13. Rb1 {[%clk 0:02:23]}  Rb8 {[%clk 0:02:08]} 14. Re1 {[%clk 0:02:20]}  g6 {[%clk 0:01:54]} 15. Bb2 {[%clk 0:02:16]}  Re8 {[%clk 0:01:26]} 16. Bg2 {[%clk 0:02:12]}  Bf8 {[%clk 0:01:20]} 17. h4 {[%clk 0:02:09]}  h5 {[%clk 0:01:13]} 18. c4 {[%clk 0:01:59]}  Bg7 {[%clk 0:01:12]} 19. d5 {[%clk 0:01:58]}  exd5 {[%clk 0:01:05]} 20. cxd5 {[%clk 0:01:55]}  Rxe1+ {[%clk 0:01:00]} 21. Qxe1 {[%clk 0:01:56]}  Bxb2 {[%clk 0:00:48]} 22. Rxb2 {[%clk 0:01:57]}  c5 {[%clk 0:00:47]} 23. d6 {[%clk 0:01:41]}  Nf6 {[%clk 0:00:34]} 24. Qe5 {[%clk 0:01:37]}  b6 {[%clk 0:00:30]} 25. f5 {[%clk 0:01:37]}  Ng4 {[%clk 0:00:27]} 26. Qf4 {[%clk 0:01:23]}  Qf6 {[%clk 0:00:18]} 27. Re2 {[%clk 0:01:20]}  Rd8 {[%clk 0:00:16]} 28. f3 {[%clk 0:01:06]}  Qa1+ {[%clk 0:00:14]} 29. Bf1 {[%clk 0:01:06]}  Nh2 {[%clk 0:00:08]} 30. Rxh2 {[%clk 0:01:05]} 1-0

[Event "April 9 Late 2024"]
[Site "Chess.com"]
[Date "2024.04.09"]
[Round "4"]
[White "Deviprasath, Sharvesh"]
[Black "Kozlov, Gennady"]
[Result "1-0"]
[Board "80"]
[WhiteFideId "30938228"]
[BlackFideId "4191668"]
[WhiteTitle "FM"]
[BlackTitle "FM"]
[WhiteElo "2410"]
[BlackElo "2654"]
[WhiteTeam "USA"]
[BlackTeam "ESP"]
[WhiteClock "0:00:04"]
[BlackClock "0:00:25"]
[Variant "Standard"]

1. e4 {[%clk 0:03:00]}  e6 {[%clk 0:02:56]} 2. d4 {[%clk 0:03:00]}  d5 {[%clk 0:02:56]} 3. Nd2 {[%clk 0:03:00]}  Nf6 {[%clk 0:02:55]} 4. e5 {[%clk 0:03:00]}  Nfd7 {[%clk 0:02:56]} 5. Bd3 {[%clk 0:03:01]}  c5 {[%clk 0:02:56]} 6. c3 {[%clk 0:03:01]}  Nc6 {[%clk 0:02:57]} 7. Ne2 {[%clk 0:03:02]}  Be7 {[%clk 0:02:55]} 8. O-O {[%clk 0:03:00]}  cxd4 {[%clk 0:02:55]} 9. cxd4 {[%clk 0:03:00]}  Qb6 {[%clk 0:02:55]} 10. Nf3 {[%clk 0:03:00]}  f6 {[%clk 0:02:55]} 11. Nf4 {[%clk 0:02:56]}  Nf8 {[%clk 0:02:52]} 12. Be3 {[%clk 0:02:41]}  Bd7 {[%clk 0:02:31]} 13. a3 {[%clk 0:02:34]}  O-O-O {[%clk 0:02:26]} 14. b4 {[%clk 0:02:32]}  g5 {[%clk 0:02:23]} 15. exf6 {[%clk 0:02:23]}  Bxf6 {[%clk 0:02:21]} 16. Ne2 {[%clk 0:02:22]}  g4 {[%clk 0:02:17]} 17. Ne5 {[%clk 0:02:17]}  Bxe5 {[%clk 0:02:16]} 18. dxe5 {[%clk 0:02:18]}  d4 {[%clk 0:02:17]} 19. Bf4 {[%clk 0:02:10]}  Ng6 {[%clk 0:02:16]} 20. Bg3 {[%clk 0:02:07]}  Ngxe5 {[%clk 0:02:12]} 21. b5 {[%clk 0:01:59]}  Nxd3 {[%clk 0:01:53]} 22. bxc6 {[%clk 0:01:43]}  Bxc6 {[%clk 0:01:36]} 23. Qxd3 {[%clk 0:01:41]}  Qc5 {[%clk 0:01:36]} 24. Rfc1 {[%clk 0:01:35]}  Qd5 {[%clk 0:01:36]} 25. Nf4 {[%clk 0:01:34]}  Qd6 {[%clk 0:01:29]} 26. Rab1 {[%clk 0:00:56]}  e5 {[%clk 0:01:18]} 27. Qf5+ {[%clk 0:00:56]}  Kb8 {[%clk 0:01:18]} 28. Nd3 {[%clk 0:00:54]}  Ka8 {[%clk 0:01:16]} 29. Qxe5 {[%clk 0:00:45]}  Qxa3 {[%clk 0:01:11]} 30. Nb4 {[%clk 0:00:28]}  Rhe8 {[%clk 0:01:07]} 31. Qg7 {[%clk 0:00:18]}  Be4 {[%clk 0:01:04]} 32. Nc6 {[%clk 0:00:11]}  Bxc6 {[%clk 0:00:55]} 33. Rxc6 {[%clk 0:00:11]}  Qb4 {[%clk 0:00:54]} 34. Rcc1 {[%clk 0:00:10]}  Qe7 {[%clk 0:00:48]} 35. Qxe7 {[%clk 0:00:09]}  Rxe7 {[%clk 0:00:48]} 36. Re1 {[%clk 0:00:09]}  Rxe1+ {[%clk 0:00:48]} 37. Rxe1 {[%clk 0:00:10]}  b6 {[%clk 0:00:47]} 38. Kf1 {[%clk 0:00:11]}  d3 {[%clk 0:00:47]} 39. Rd1 {[%clk 0:00:10]}  Kb7 {[%clk 0:00:46]} 40. Ke1 {[%clk 0:00:11]}  Kc6 {[%clk 0:00:46]} 41. Kd2 {[%clk 0:00:12]}  Kc5 {[%clk 0:00:45]} 42. Rc1+ {[%clk 0:00:10]}  Kb4 {[%clk 0:00:43]} 43. Rc7 {[%clk 0:00:10]}  a5 {[%clk 0:00:43]} 44. Rxh7 {[%clk 0:00:09]}  a4 {[%clk 0:00:43]} 45. Ra7 {[%clk 0:00:09]}  a3 {[%clk 0:00:43]} 46. Bc7 {[%clk 0:00:08]}  Re8 {[%clk 0:00:36]} 47. Bxb6 {[%clk 0:00:07]}  a2 {[%clk 0:00:36]} 48. h4 {[%clk 0:00:05]}  gxh3 {[%clk 0:00:35]} 49. gxh3 {[%clk 0:00:06]}  Kb3 {[%clk 0:00:35]} 50. Kxd3 {[%clk 0:00:06]}  Re6 {[%clk 0:00:33]} 51. Bd4 {[%clk 0:00:06]}  Rd6 {[%clk 0:00:34]} 52. h4 {[%clk 0:00:05]}  Rh6 {[%clk 0:00:33]} 53. Ke4 {[%clk 0:00:04]}  Rxh4+ {[%clk 0:00:33]} 54. f4 {[%clk 0:00:05]}  Rg4 {[%clk 0:00:31]} 55. Ke5 {[%clk 0:00:05]}  Rg2 {[%clk 0:00:29]} 56. f5 {[%clk 0:00:04]}  Re2+ {[%clk 0:00:30]} 57. Kd5 {[%clk 0:00:04]}  Rd2 {[%clk 0:00:25]} 58. f6 {[%clk 0:00:04]} 1-0

[Event "April 9 Late 2024"]
[Site "Chess.com"]
[Date "2024.04.09"]
[Round "4"]
[White "Senft, Sean"]
[Black "Toropov, Pavel"]
[Result "0-1"]
[Board "88"]
[WhiteFideId "2044960"]
[BlackFideId "24129178"]
[BlackTitle "FM"]
[WhiteElo "2472"]
[BlackElo "2654"]
[WhiteTeam "USA"]
[BlackTeam "RUS"]
[WhiteClock "0:00:07"]
[BlackClock "0:00:10"]
[Variant "Standard"]

1. d4 {[%clk 0:02:59]}  d5 {[%clk 0:03:00]} 2. c4 {[%clk 0:02:59]}  c6 {[%clk 0:03:01]} 3. Nc3 {[%clk 0:02:59]}  Nf6 {[%clk 0:03:01]} 4. cxd5 {[%clk 0:02:59]}  cxd5 {[%clk 0:03:01]} 5. Bf4 {[%clk 0:02:59]}  a6 {[%clk 0:03:01]} 6. e3 {[%clk 0:02:59]}  Nc6 {[%clk 0:03:01]} 7. Bd3 {[%clk 0:03:00]}  g6 {[%clk 0:03:02]} 8. Nf3 {[%clk 0:03:00]}  Bg7 {[%clk 0:03:02]} 9. h4 {[%clk 0:02:59]}  O-O {[%clk 0:02:59]} 10. h5 {[%clk 0:02:46]}  Bg4 {[%clk 0:02:55]} 11. hxg6 {[%clk 0:02:41]}  hxg6 {[%clk 0:02:56]} 12. a3 {[%clk 0:02:31]}  Rc8 {[%clk 0:02:55]} 13. Qc2 {[%clk 0:02:30]}  Qd7 {[%clk 0:02:45]} 14. Ng5 {[%clk 0:02:26]}  Bf5 {[%clk 0:02:41]} 15. Bxf5 {[%clk 0:02:07]}  Qxf5 {[%clk 0:02:20]} 16. Qxf5 {[%clk 0:02:06]}  gxf5 {[%clk 0:02:21]} 17. Ke2 {[%clk 0:02:03]}  e6 {[%clk 0:02:19]} 18. Rh3 {[%clk 0:01:59]}  Na5 {[%clk 0:02:17]} 19. Rah1 {[%clk 0:01:57]}  Nc4 {[%clk 0:02:17]} 20. Nd1 {[%clk 0:01:51]}  Nxb2 {[%clk 0:02:16]} 21. Nxb2 {[%clk 0:01:47]}  Rc2+ {[%clk 0:02:16]} 22. Kf3 {[%clk 0:01:44]}  Rxb2 {[%clk 0:02:17]} 23. Rg3 {[%clk 0:01:44]}  Ng4 {[%clk 0:02:10]} 24. Rxg4 {[%clk 0:01:42]}  fxg4+ {[%clk 0:02:09]} 25. Kg3 {[%clk 0:01:42]}  Rc8 {[%clk 0:02:04]} 26. Rh4 {[%clk 0:01:36]}  Rcc2 {[%clk 0:02:01]} 27. Rxg4 {[%clk 0:01:37]}  Rxf2 {[%clk 0:02:00]} 28. Kh2 {[%clk 0:01:37]}  Rbe2 {[%clk 0:01:20]} 29. Nh3 {[%clk 0:01:32]}  f5 {[%clk 0:01:18]} 30. Rg3 {[%clk 0:01:25]}  Kf7 {[%clk 0:01:09]} 31. Ng5+ {[%clk 0:00:55]}  Ke7 {[%clk 0:00:58]} 32. Nh3 {[%clk 0:00:49]}  Bf6 {[%clk 0:00:56]} 33. Nxf2 {[%clk 0:00:48]}  Rxf2 {[%clk 0:00:56]} 34. Rh3 {[%clk 0:00:48]}  Rb2 {[%clk 0:00:32]} 35. Rh7+ {[%clk 0:00:47]}  Ke8 {[%clk 0:00:32]} 36. Rh6 {[%clk 0:00:42]}  Kf7 {[%clk 0:00:31]} 37. Rh7+ {[%clk 0:00:43]}  Kg6 {[%clk 0:00:31]} 38. Rd7 {[%clk 0:00:31]}  a5 {[%clk 0:00:27]} 39. Rd6 {[%clk 0:00:29]}  Kf7 {[%clk 0:00:26]} 40. Rd7+ {[%clk 0:00:28]}  Ke8 {[%clk 0:00:26]} 41. Rh7 {[%clk 0:00:20]}  b5 {[%clk 0:00:23]} 42. Ra7 {[%clk 0:00:17]}  a4 {[%clk 0:00:20]} 43. Bd6 {[%clk 0:00:17]}  Bg5 {[%clk 0:00:19]} 44. Bc5 {[%clk 0:00:15]}  Rb3 {[%clk 0:00:14]} 45. Rb7 {[%clk 0:00:14]}  Rxe3 {[%clk 0:00:13]} 46. Rxb5 {[%clk 0:00:14]}  Bf4+ {[%clk 0:00:13]} 47. Kg1 {[%clk 0:00:14]}  Bg3 {[%clk 0:00:13]} 48. Bb4 {[%clk 0:00:10]}  Rd3 {[%clk 0:00:11]} 49. Ra5 {[%clk 0:00:09]}  Rxd4 {[%clk 0:00:10]} 50. Rxa4 {[%clk 0:00:07]}  Rd1+ {[%clk 0:00:10]} 0-1

[Event "April 9 Late 2024"]
[Site "Chess.com"]
[Date "2024.04.10"]
[Round "4"]
[White "Reyes Zavaleta, Fabian Ricardo"]
[Black "Yang, Kevin"]
[Result "1-0"]
[Board "89"]
[WhiteFideId "3844153"]
[BlackFideId "30908485"]
[WhiteTitle "FM"]
[WhiteElo "2650"]
[BlackElo "2484"]
[WhiteTeam "PER"]
[BlackTeam "USA"]
[WhiteClock "0:01:21"]
[BlackClock "0:00:00"]
[Variant "Standard"]

1. d4 {[%clk 0:03:00]}  Nf6 {[%clk 0:02:59]} 2. c4 {[%clk 0:03:00]}  e6 {[%clk 0:02:59]} 3. g3 {[%clk 0:03:00]}  d5 {[%clk 0:02:58]} 4. Nf3 {[%clk 0:03:01]}  dxc4 {[%clk 0:02:55]} 5. Bg2 {[%clk 0:03:01]}  Bb4+ {[%clk 0:02:55]} 6. Bd2 {[%clk 0:02:57]}  c5 {[%clk 0:02:55]} 7. Bxb4 {[%clk 0:02:48]}  cxb4 {[%clk 0:02:54]} 8. Ne5 {[%clk 0:02:48]}  O-O {[%clk 0:02:47]} 9. a3 {[%clk 0:02:48]}  Nc6 {[%clk 0:02:22]} 10. Bxc6 {[%clk 0:02:37]}  bxc6 {[%clk 0:02:21]} 11. O-O {[%clk 0:02:38]}  c3 {[%clk 0:01:25]} 12. bxc3 {[%clk 0:02:23]}  bxc3 {[%clk 0:01:24]} 13. Nxc3 {[%clk 0:02:24]}  Qd6 {[%clk 0:00:37]} 14. Na4 {[%clk 0:02:22]}  Ba6 {[%clk 0:00:34]} 15. Nc5 {[%clk 0:02:19]}  Bc8 {[%clk 0:00:32]} 16. e3 {[%clk 0:02:16]}  a5 {[%clk 0:00:21]} 17. Qc2 {[%clk 0:02:15]}  Ba6 {[%clk 0:00:20]} 18. Rfc1 {[%clk 0:02:12]}  Rfc8 {[%clk 0:00:19]} 19. Rab1 {[%clk 0:02:11]}  Nd5 {[%clk 0:00:12]} 20. Ne4 {[%clk 0:01:57]}  Qxa3 {[%clk 0:00:10]} 21. Nc5 {[%clk 0:01:48]}  Bb5 {[%clk 0:00:06]} 22. Rb3 {[%clk 0:01:33]}  Ba4 {[%clk 0:00:02]} 23. Rxa3 {[%clk 0:01:31]}  Bxc2 {[%clk 0:00:03]} 24. Rxc2 {[%clk 0:01:32]}  Nb4 {[%clk 0:00:03]} 25. Rc1 {[%clk 0:01:29]}  f6 {[%clk 0:00:03]} 26. Ned3 {[%clk 0:01:28]}  Nxd3 {[%clk 0:00:02]} 27. Nxd3 {[%clk 0:01:29]}  Kf7 {[%clk 0:00:02]} 28. Rc5 {[%clk 0:01:27]}  a4 {[%clk 0:00:02]} 29. Rc4 {[%clk 0:01:27]}  Rcb8 {[%clk 0:00:02]} 30. Rcxa4 {[%clk 0:01:28]}  Rxa4 {[%clk 0:00:02]} 31. Rxa4 {[%clk 0:01:28]}  Rb1+ {[%clk 0:00:02]} 32. Kg2 {[%clk 0:01:29]}  Rd1 {[%clk 0:00:03]} 33. Nc5 {[%clk 0:01:29]}  e5 {[%clk 0:00:02]} 34. Ra7+ {[%clk 0:01:29]}  Kg6 {[%clk 0:00:02]} 35. Ne6 {[%clk 0:01:29]}  exd4 {[%clk 0:00:01]} 36. exd4 {[%clk 0:01:26]}  Re1 {[%clk 0:00:00]} 37. Nf4+ {[%clk 0:01:21]} 1-0

[Event "April 9 Late 2024"]
[Site "Chess.com"]
[Date "2024.04.09"]
[Round "4"]
[White "Kalavannan, Koby"]
[Black "Wanyama, Harold"]
[Result "1-0"]
[Board "92"]
[WhiteFideId "425753"]
[BlackFideId "10000380"]
[WhiteTitle "FM"]
[BlackTitle "FM"]
[WhiteElo "2631"]
[BlackElo "2433"]
[WhiteTeam "ENG"]
[BlackTeam "UGA"]
[WhiteClock "0:00:08"]
[BlackClock "0:00:02"]
[Variant "Standard"]

1. d4 {[%clk 0:02:57]}  d5 {[%clk 0:02:59]} 2. Nf3 {[%clk 0:02:57]}  e6 {[%clk 0:02:59]} 3. g3 {[%clk 0:02:57]}  Nf6 {[%clk 0:02:59]} 4. Bg2 {[%clk 0:02:57]}  Be7 {[%clk 0:02:59]} 5. O-O {[%clk 0:02:58]}  O-O {[%clk 0:02:59]} 6. c4 {[%clk 0:02:59]}  dxc4 {[%clk 0:03:00]} 7. Qc2 {[%clk 0:02:59]}  a6 {[%clk 0:02:59]} 8. a4 {[%clk 0:03:00]}  Nc6 {[%clk 0:02:58]} 9. Qxc4 {[%clk 0:02:54]}  Qd5 {[%clk 0:02:57]} 10. Nbd2 {[%clk 0:02:54]}  Rd8 {[%clk 0:02:53]} 11. Qxd5 {[%clk 0:02:51]}  Nxd5 {[%clk 0:02:48]} 12. Nb3 {[%clk 0:02:50]}  b6 {[%clk 0:02:44]} 13. e4 {[%clk 0:02:46]}  Ndb4 {[%clk 0:02:41]} 14. Bf4 {[%clk 0:02:42]}  Rd7 {[%clk 0:02:28]} 15. Rac1 {[%clk 0:02:30]}  Bb7 {[%clk 0:02:28]} 16. Rfd1 {[%clk 0:02:30]}  Rad8 {[%clk 0:02:24]} 17. h4 {[%clk 0:02:04]}  h6 {[%clk 0:02:22]} 18. Rd2 {[%clk 0:02:02]}  Bf6 {[%clk 0:02:17]} 19. Rcd1 {[%clk 0:02:00]}  Kh7 {[%clk 0:01:59]} 20. Bf1 {[%clk 0:01:56]}  g6 {[%clk 0:01:58]} 21. h5 {[%clk 0:01:41]}  g5 {[%clk 0:01:53]} 22. Be3 {[%clk 0:01:41]}  e5 {[%clk 0:01:37]} 23. Bh3 {[%clk 0:01:35]}  Rd6 {[%clk 0:01:26]} 24. Bf5+ {[%clk 0:01:32]}  Kg7 {[%clk 0:01:26]} 25. dxe5 {[%clk 0:01:26]}  Nxe5 {[%clk 0:01:22]} 26. Nxe5 {[%clk 0:01:13]}  Bxe5 {[%clk 0:01:10]} 27. f4 {[%clk 0:01:02]}  gxf4 {[%clk 0:01:03]} 28. gxf4 {[%clk 0:01:02]}  Bxb2 {[%clk 0:00:58]} 29. Rg2+ {[%clk 0:01:02]}  Kf8 {[%clk 0:00:53]} 30. Rxd6 {[%clk 0:01:02]}  Rxd6 {[%clk 0:00:50]} 31. Rxb2 {[%clk 0:01:03]}  Rd1+ {[%clk 0:00:47]} 32. Kh2 {[%clk 0:00:53]}  a5 {[%clk 0:00:44]} 33. Nc1 {[%clk 0:00:41]}  c5 {[%clk 0:00:34]} 34. Rd2 {[%clk 0:00:35]}  Rxd2+ {[%clk 0:00:23]} 35. Bxd2 {[%clk 0:00:36]}  Bc6 {[%clk 0:00:23]} 36. Ne2 {[%clk 0:00:16]}  Bxa4 {[%clk 0:00:23]} 37. Nc3 {[%clk 0:00:17]}  Bc6 {[%clk 0:00:23]} 38. e5 {[%clk 0:00:17]}  a4 {[%clk 0:00:21]} 39. Bc1 {[%clk 0:00:14]}  Nd5 {[%clk 0:00:18]} 40. Be4 {[%clk 0:00:12]}  Nxc3 {[%clk 0:00:17]} 41. Bxc6 {[%clk 0:00:13]}  b5 {[%clk 0:00:15]} 42. Bb2 {[%clk 0:00:12]}  Nd1 {[%clk 0:00:10]} 43. Bc1 {[%clk 0:00:11]}  Nc3 {[%clk 0:00:09]} 44. Bd2 {[%clk 0:00:10]}  Nb1 {[%clk 0:00:10]} 45. Ba5 {[%clk 0:00:09]}  a3 {[%clk 0:00:09]} 46. Bd5 {[%clk 0:00:07]}  c4 {[%clk 0:00:09]} 47. Bb4+ {[%clk 0:00:06]}  Kg8 {[%clk 0:00:09]} 48. e6 {[%clk 0:00:06]}  fxe6 {[%clk 0:00:09]} 49. Bxe6+ {[%clk 0:00:06]}  Kh7 {[%clk 0:00:09]} 50. Bf5+ {[%clk 0:00:07]}  Kg7 {[%clk 0:00:09]} 51. Bxb1 {[%clk 0:00:08]}  Kf6 {[%clk 0:00:02]} 52. Bxa3 {[%clk 0:00:08]} 1-0